[Event "Paracin op-A 18th"]
[Site "Paracin"]
[Date "2025.07.07"]
[Round "4"]
[White "Tadic, Stefan"]
[Black "Vignesh, B."]
[Result "1-0"]
[WhiteElo "2424"]
[BlackElo "2231"]
[PlyCount "119"]
[EventDate "2025.07.04"]
[EventType "swiss"]
[EventRounds "9"]
[EventCountry "SRB"]
[SourceTitle "CB29_2025"]
[SourceDate "2025.07.16"]
[SourceVersion "1"]
[SourceVersionDate "2025.07.16"]
[SourceQuality "1"]

1. e4 e5 2. Nf3 Nc6 3. Bc4 Be7 4. d4 exd4 5. c3 Na5 6. Be2 d3 7. Bxd3 d6 8. 0-0 Nc6 9. h3 Nf6 10. Qc2 0-0 11. Rd1 Nd7 12. e5 Ndxe5 13. Bxh7+ Kh8 14. Nxe5 Nxe5 15. Bf5 Bf6 16. Nd2 Bg5 17. Qe4 Qf6 18. Bxc8 Raxc8 19. Qxb7 Qg6 20. Nf3 Bxc1 21. Nxe5 dxe5 22. Raxc1 e4 23. Qxa7 f5 24. Qc5 f4 25. Rd5 Rf7 26. Rg5 Qf6 27. Qe5 Qc6 28. Qd5 Qxd5 29. Rxd5 Re8 30. Re1 Kh7 31. a4 Kg6 32. a5 Rf6 33. Rd4 Kf5 34. g4+ fxg3 35. fxg3 Rc6 36. Rf1+ Kg6 37. Rf4 Rb8 38. Rb4 Rxb4 39. cxb4 Rc4 40. b5 Rb4 41. a6 Rxb5 42. Rxe4 Ra5 43. Re6+ Kf5 44. Rc6 g5 45. Kf2 Ra2 46. Rc5+ Kf6 47. Kf3 Rxa6 48. Kg4 Rb6 49. Rf5+ Ke6 50. Kxg5 Rxb2 51. g4 Kd6 52. h4 c5 53. h5 c4 54. h6 c3 55. h7 Rh2 56. Kg6 c2 57. Rf1 Kd5 58. Rc1 Ke4 59. Rxc2 Rxc2 60. h8Q 1-0

[Event "MNT-chT"]
[Site "Herceg Novi"]
[Date "2025.05.06"]
[Round "7.25"]
[White "Tadic, Stefan"]
[Black "Kadric, Denis"]
[Result "1/2-1/2"]
[WhiteElo "2419"]
[BlackElo "2533"]
[PlyCount "38"]
[EventDate "2025.05.01"]
[EventType "team-tourn"]
[EventRounds "9"]
[EventCountry "MNE"]
[SourceTitle "CB20_2025"]
[SourceDate "2025.05.14"]
[SourceVersion "1"]
[SourceVersionDate "2025.05.14"]
[SourceQuality "1"]
[WhiteTeam "Omladinac Buducnost"]
[BlackTeam "Elektroprivreda"]
[WhiteTeamCountry "MNE"]
[BlackTeamCountry "MNE"]

1. e4 d6 2. d4 Nf6 3. Nc3 e5 4. Nf3 Nbd7 5. Rg1 g6 6. g4 exd4 7. Nxd4 Bg7 8. Be3 0-0 9. g5 Ne8 10. Qd2 c5 11. Nb3 a5 12. a4 Qe7 13. f4 Bxc3 14. Qxc3 Qxe4 15. Bg2 Qb4 16. Bd2 Qxc3 17. Bxc3 Nb6 18. Nxa5 Nc7 19. Kf2 d5 1/2-1/2

[Event "MNT-chT"]
[Site "Herceg Novi"]
[Date "2025.05.05"]
[Round "6.1"]
[White "Predke, Alexandr"]
[Black "Tadic, Stefan"]
[Result "1-0"]
[WhiteElo "2631"]
[BlackElo "2419"]
[PlyCount "177"]
[EventDate "2025.05.01"]
[EventType "team-tourn"]
[EventRounds "9"]
[EventCountry "MNE"]
[SourceTitle "CB20_2025"]
[SourceDate "2025.05.14"]
[SourceVersion "1"]
[SourceVersionDate "2025.05.14"]
[SourceQuality "1"]
[WhiteTeam "Buducnost"]
[BlackTeam "Omladinac Buducnost"]
[WhiteTeamCountry "MNE"]
[BlackTeamCountry "MNE"]

1. d4 d5 2. c4 c6 3. cxd5 cxd5 4. Nc3 Nf6 5. Bf4 Nc6 6. e3 Bf5 7. Qb3 Na5 8. Qa4+ Bd7 9. Qc2 Rc8 10. Bd3 e6 11. Nf3 Bb4 12. 0-0 0-0 13. Bg5 h6 14. Bh4 Be7 15. Rac1 b5 16. Qb1 b4 17. Ne2 Nc4 18. Rc2 Ba4 19. b3 Na3 20. Rxc8 Qxc8 21. Qe1 Bb5 22. Bxf6 gxf6 23. Qd2 Bxd3 24. Qxd3 Qc6 25. Rc1 Qb7 26. g4 Rc8 27. Rxc8+ Qxc8 28. Ng3 a6 29. e4 Qc6 30. exd5 Qxd5 31. Nh5 Nb5 32. Qe3 Kh7 33. Nf4 Qd6 34. Qe4+ f5 35. gxf5 Nc3 36. Qd3 Kg8 37. Ne5 Bg5 38. Ne2 Nxe2+ 39. Qxe2 Qxd4 40. fxe6 fxe6 41. Nc6 Qd6 42. Qe4 a5 43. Nxa5 Bf4 44. h3 Qd1+ 45. Kg2 Qd5 46. Kf3 Qxa5 47. Qxe6+ Kg7 48. Kxf4 Qxa2 49. Qe7+ Kg8 50. Qd8+ Kg7 51. Qd4+ Kg8 52. Qd5+ Kg7 53. Kg3 Qa1 54. Qd7+ Kh8 55. Qc8+ Kg7 56. Qg4+ Kh8 57. Qxb4 Qg1+ 58. Kf3 Qh1+ 59. Ke2 Qxh3 60. Qd4+ Kg8 61. Qd5+ Kh8 62. Qe5+ Kh7 63. Qe4+ Kh8 64. b4 Qb3 65. Qe5+ Kh7 66. b5 Qc2+ 67. Kf3 Qd1+ 68. Kf4 Qc1+ 69. Kf3 Qd1+ 70. Kf4 Qc1+ 71. Kf5 Qc8+ 72. Qe6 Qc5+ 73. Kf6 Qg5+ 74. Kf7 Qf4+ 75. Ke7 Qb4+ 76. Kf6 Qd4+ 77. Qe5 Qb6+ 78. Qe6 Qd4+ 79. Qe5 Qb6+ 80. Kf7 Qxf2+ 81. Qf6 Qa2+ 82. Qe6 Qa7+ 83. Qe7 Qf2+ 84. Ke8+ Kg6 85. Qe6+ Kg7 86. b6 Qb2 87. Qd7+ Kg6 88. Qf7+ Kg5 89. b7 1-0

[Event "MNT-chT"]
[Site "Herceg Novi"]
[Date "2025.05.01"]
[Round "1.13"]
[White "Brenjo, Slavisa"]
[Black "Tadic, Stefan"]
[Result "1/2-1/2"]
[WhiteElo "2387"]
[BlackElo "2419"]
[PlyCount "59"]
[EventDate "2025.05.01"]
[EventType "team-tourn"]
[EventRounds "9"]
[EventCountry "MNE"]
[SourceTitle "CB20_2025"]
[SourceDate "2025.05.14"]
[SourceVersion "1"]
[SourceVersionDate "2025.05.14"]
[SourceQuality "1"]
[WhiteTeam "Niksic"]
[BlackTeam "Omladinac Buducnost"]
[WhiteTeamCountry "MNE"]
[BlackTeamCountry "MNE"]

1. e4 c6 2. d4 d5 3. e5 c5 4. dxc5 e6 5. a3 Bxc5 6. b4 Be7 7. Nf3 a5 8. b5 Nd7 9. Bb2 Nh6 10. c4 dxc4 11. Nbd2 Nb6 12. Nxc4 0-0 13. Qxd8 Bxd8 14. Rd1 Na4 15. Ba1 Nf5 16. Bd3 Nc5 17. Bc2 b6 18. Nd4 Bb7 19. Bxf5 exf5 20. Nxf5 Be4 21. Ncd6 Bc2 22. Rd2 Bxf5 23. Nxf5 Nb3 24. Rd1 Nxa1 25. Rxa1 Re8 26. f4 f6 27. Nd6 Re6 28. Ne4 fxe5 29. f5 Re8 30. a4 1/2-1/2

[Event "Karlsruhe Grenke op"]
[Site "Karlsruhe"]
[Date "2025.04.19"]
[Round "4"]
[White "Podat, Vladimir"]
[Black "Tadic, Stefan"]
[Result "0-1"]
[WhiteElo "2250"]
[BlackElo "2419"]
[PlyCount "66"]
[EventDate "2025.04.17"]
[EventType "swiss"]
[EventRounds "9"]
[EventCountry "GER"]
[SourceTitle "CB17_2025"]
[SourceDate "2025.04.23"]
[SourceVersion "1"]
[SourceVersionDate "2025.04.23"]
[SourceQuality "1"]

1. e4 c5 2. Nf3 e6 3. g3 Nc6 4. Bg2 Nf6 5. d3 d5 6. Qe2 Be7 7. 0-0 0-0 8. e5 Ne8 9. h4 b5 10. Re1 a5 11. Nbd2 b4 12. Nf1 a4 13. c4 bxc3 14. bxc3 Nc7 15. Rb1 Ba6 16. Bd2 Nb5 17. c4 Nbd4 18. Nxd4 Nxd4 19. Qg4 dxc4 20. dxc4 Bxc4 21. Bh6 g6 22. Bxf8 Bxf8 23. Ne3 Bxa2 24. Rb7 Bh6 25. Rc1 Rc8 26. Ra7 Bb3 27. Nc4 Bxc1 28. Nd6 Rc7 29. Ra8 Qxa8 30. Bxa8 a3 31. h5 a2 32. hxg6 fxg6 33. Qh4 Bg5 0-1

[Event "Karlsruhe Grenke op"]
[Site "Karlsruhe"]
[Date "2025.04.17"]
[Round "1"]
[White "Tadic, Stefan"]
[Black "Turgut, Hakan"]
[Result "1-0"]
[WhiteElo "2419"]
[BlackElo "2088"]
[PlyCount "73"]
[EventDate "2025.04.17"]
[EventType "swiss"]
[EventRounds "9"]
[EventCountry "GER"]
[SourceTitle "CB17_2025"]
[SourceDate "2025.04.23"]
[SourceVersion "1"]
[SourceVersionDate "2025.04.23"]
[SourceQuality "1"]

1. e4 c5 2. Nc3 a6 3. Nge2 b5 4. d4 cxd4 5. Nxd4 Bb7 6. Bd3 g6 7. 0-0 Bg7 8. Be3 Nc6 9. Nxc6 Bxc6 10. Qe2 Nf6 11. e5 Nd5 12. Nxd5 Bxd5 13. f4 0-0 14. a4 bxa4 15. Rxa4 a5 16. Bb5 Qc7 17. Rd1 Be6 18. Rda1 d6 19. Bd4 dxe5 20. fxe5 Rfd8 21. c3 Bb3 22. R4a3 Bd5 23. Ba6 Bxg2 24. Kxg2 Qc6+ 25. Kg1 Rxa6 26. b4 Qb7 27. Rxa5 Re6 28. Qg2 Qxg2+ 29. Kxg2 Kf8 30. Ra6 Rxa6 31. Rxa6 Ke8 32. b5 Bf8 33. e6 fxe6 34. b6 Rb8 35. Be5 Rb7 36. Ra8+ Kf7 37. Rb8 1-0

[Event "Wch U20 62nd"]
[Site "Petrovac"]
[Date "2025.03.03"]
[Round "7"]
[White "Tadic, Stefan"]
[Black "Kozlovic, Jernej"]
[Result "1-0"]
[WhiteElo "2417"]
[BlackElo "2274"]
[PlyCount "93"]
[EventDate "2025.02.25"]
[EventType "swiss"]
[EventRounds "11"]
[EventCountry "MNE"]
[SourceTitle "CB11_2025"]
[SourceDate "2025.03.12"]
[SourceVersion "1"]
[SourceVersionDate "2025.03.12"]
[SourceQuality "1"]

1. d4 d5 2. Nf3 c5 3. c4 e6 4. cxd5 exd5 5. g3 Nc6 6. Bg2 Nf6 7. 0-0 Be7 8. Nc3 0-0 9. dxc5 Bxc5 10. Na4 Be7 11. Be3 Bg4 12. Nc5 Bxc5 13. Bxc5 Re8 14. Rc1 h5 15. Re1 Qd7 16. Qb3 Rad8 17. Rcd1 h4 18. Bd4 hxg3 19. hxg3 Ne4 20. Be3 Na5 21. Qd3 Bf5 22. Nd4 Bg6 23. Qb5 Nc6 24. Qb3 Na5 25. Qb5 Nc6 26. Nb3 b6 27. Bf4 Ne5 28. Qxd7 Rxd7 29. Nd4 f6 30. Bh3 Rb7 31. Rc1 Nd6 32. Bd2 a5 33. b3 Bf7 34. Bc3 Nd7 35. Bb2 b5 36. Nc6 Ra8 37. Red1 Kf8 38. Bg2 Ne4 39. Nd4 g6 40. Nxb5 Nxf2 41. Rxd5 Rd8 42. Rxd7 Rbxd7 43. Kxf2 f5 44. Bc3 a4 45. bxa4 Bd5 46. Bxd5 Rxd5 47. Nc7 1-0

[Event "Wch U20 62nd"]
[Site "Petrovac"]
[Date "2025.03.01"]
[Round "5"]
[White "Tadic, Stefan"]
[Black "Halynyazow, Vepaly"]
[Result "1/2-1/2"]
[WhiteElo "2417"]
[BlackElo "2115"]
[PlyCount "128"]
[EventDate "2025.02.25"]
[EventType "swiss"]
[EventRounds "11"]
[EventCountry "MNE"]
[SourceTitle "CB11_2025"]
[SourceDate "2025.03.12"]
[SourceVersion "1"]
[SourceVersionDate "2025.03.12"]
[SourceQuality "1"]

1. e4 e6 2. d4 d5 3. e5 c5 4. c3 Qb6 5. Nf3 Nc6 6. a4 Bd7 7. Be2 cxd4 8. cxd4 Nh6 9. Bxh6 gxh6 10. 0-0 Qxb2 11. Nbd2 Nxd4 12. Rb1 Nxe2+ 13. Qxe2 Qa3 14. Rxb7 Qxa4 15. Qe3 Bg7 16. Nb3 Bc8 17. Rc7 0-0 18. Nfd4 Qb4 19. Rfc1 Qb8 20. f4 a5 21. f5 exf5 22. Re7 a4 23. Nc5 Qb4 24. Nc6 Qh4 25. Rc7 a3 26. Ne7+ Kh8 27. Nxd5 a2 28. Ra1 Be6 29. Nc3 Rfb8 30. Nxe6 fxe6 31. Rxa2 Rxa2 32. Nxa2 Qd8 33. Qc3 Qd1+ 34. Kf2 Rf8 35. Qb2 Qd5 36. Qe2 Bxe5 37. Rc1 f4 38. Rd1 f3 39. gxf3 Bd4+ 40. Kg2 Qg5+ 41. Kh1 Rg8 42. Qf1 Ba7 43. Nc3 Qe5 44. Ne2 h5 45. Qe1 Qf5 46. Qc3+ e5 47. Qc6 h4 48. f4 Bb8 49. fxe5 Bxe5 50. Rg1 Rf8 51. Qd5 h3 52. Ng3 Qf4 53. Re1 Bg7 54. Qe4 Qf2 55. Qe2 Qd4 56. Rd1 Qb6 57. Qe4 Qb2 58. Qe2 Qb8 59. Qe6 Qa8+ 60. Qe4 Qa2 61. Rf1 Rxf1+ 62. Nxf1 Qf2 63. Qe8+ Bf8 64. Qe5+ Kg8 1/2-1/2

[Event "Wch U20 62nd"]
[Site "Petrovac"]
[Date "2025.02.28"]
[Round "4"]
[White "Qalichava, Akaki"]
[Black "Tadic, Stefan"]
[Result "0-1"]
[WhiteElo "2180"]
[BlackElo "2417"]
[PlyCount "74"]
[EventDate "2025.02.25"]
[EventType "swiss"]
[EventRounds "11"]
[EventCountry "MNE"]
[SourceTitle "CB11_2025"]
[SourceDate "2025.03.12"]
[SourceVersion "1"]
[SourceVersionDate "2025.03.12"]
[SourceQuality "1"]

1. e4 e5 2. Nf3 Nc6 3. Nc3 Nf6 4. h3 d5 5. exd5 Nxd5 6. Bb5 Nxc3 7. bxc3 Bd6 8. d4 exd4 9. cxd4 0-0 10. 0-0 h6 11. c4 Qf6 12. Be3 Rd8 13. Qe2 Bf5 14. Rad1 Be4 15. Nd2 Bc2 16. Rc1 Bg6 17. Nb3 Nb4 18. c5 Bf8 19. Rfe1 c6 20. Bc4 b5 21. cxb6 axb6 22. Qg4 Rxa2 23. Nd2 Ra5 24. Nf3 Bh5 25. Qg3 Bxf3 26. Qxf3 Qxf3 27. gxf3 Rd6 28. Bf4 Rxd4 29. Be3 Rh4 30. Bxb6 Rg5+ 31. Kf1 Rxh3 32. Ke2 c5 33. f4 Rf5 34. Red1 Nc6 35. Bb5 Nd4+ 36. Rxd4 cxd4 37. Bd7 d3+ 0-1

[Event "Wch U20 62nd"]
[Site "Petrovac"]
[Date "2025.02.26"]
[Round "2"]
[White "Nainys, Zanas1"]
[Black "Tadic, Stefan"]
[Result "1/2-1/2"]
[WhiteElo "2332"]
[BlackElo "2417"]
[PlyCount "78"]
[EventDate "2025.02.25"]
[EventType "swiss"]
[EventRounds "11"]
[EventCountry "MNE"]
[SourceTitle "CB11_2025"]
[SourceDate "2025.03.12"]
[SourceVersion "1"]
[SourceVersionDate "2025.03.12"]
[SourceQuality "1"]

1. d4 d5 2. c4 e6 3. Nf3 Nf6 4. g3 Bb4+ 5. Nc3 0-0 6. Bg2 dxc4 7. 0-0 Nc6 8. a3 Ba5 9. Qa4 Bb6 10. Rd1 Na5 11. Ne5 Qe8 12. Bf4 Nb3 13. Rab1 Qxa4 14. Nxa4 Bxd4 15. Nxc4 Nd5 16. Be5 c5 17. Bd6 b5 18. e3 bxc4 19. exd4 cxd4 20. Nc5 Rd8 21. Nxb3 Rxd6 22. Nxd4 Ba6 23. Nf5 exf5 24. Rxd5 Rxd5 25. Bxd5 Rd8 26. Rd1 Kf8 27. f4 Bb7 28. Bf3 Rxd1+ 29. Bxd1 Ke7 30. Kf2 Kd6 31. Ke3 Kc5 32. Be2 Be4 33. h4 g6 34. Bf1 a5 35. Be2 Bg2 36. Kf2 Bh3 37. Ke3 Bg2 38. Kf2 Bh3 39. Ke3 Bg2 1/2-1/2

[Event "EU-ch 24th"]
[Site "Petrovac"]
[Date "2024.11.19"]
[Round "11"]
[White "Tadic, Stefan"]
[Black "Dubnevych, Maksym"]
[Result "1/2-1/2"]
[WhiteElo "2422"]
[BlackElo "2264"]
[PlyCount "47"]
[EventDate "2024.11.08"]
[EventType "swiss"]
[EventRounds "11"]
[EventCountry "MNE"]
[SourceTitle "CB47_2024"]
[SourceDate "2024.11.20"]
[SourceVersion "1"]
[SourceVersionDate "2024.11.20"]
[SourceQuality "1"]

1. e4 e5 2. Nf3 Nf6 3. d3 Nc6 4. g3 g6 5. Bg2 Bg7 6. 0-0 0-0 7. Nc3 h6 8. h3 d5 9. exd5 Nxd5 10. Nxe5 Nxc3 11. Nxc6 Nxd1 12. Nxd8 Nxf2 13. Nxb7 Nxh3+ 14. Kh2 Rb8 15. Na5 Rb5 16. Nc6 Bg4 17. Bd5 Kh7 18. c4 Rxd5 19. cxd5 Re8 20. Bf4 Re2+ 21. Kh1 Nf2+ 22. Kg1 Nh3+ 23. Kh1 Nf2+ 24. Kg1 1/2-1/2

[Event "EU-ch 24th"]
[Site "Petrovac"]
[Date "2024.11.11"]
[Round "4"]
[White "Piorun, Kacper"]
[Black "Tadic, Stefan"]
[Result "1/2-1/2"]
[WhiteElo "2580"]
[BlackElo "2422"]
[PlyCount "123"]
[EventDate "2024.11.08"]
[EventType "swiss"]
[EventRounds "11"]
[EventCountry "MNE"]
[SourceTitle "CB47_2024"]
[SourceDate "2024.11.20"]
[SourceVersion "1"]
[SourceVersionDate "2024.11.20"]
[SourceQuality "1"]

1. Nf3 d5 2. e3 Nf6 3. c4 e6 4. Nc3 Bd6 5. b3 0-0 6. Bb2 c6 7. d4 b6 8. Qc2 Bb7 9. Be2 Nbd7 10. 0-0 Re8 11. Rad1 Qe7 12. Rfe1 Rad8 13. Bf1 h6 14. e4 dxe4 15. Nxe4 Nxe4 16. Qxe4 Bb4 17. Re3 Ba3 18. Ba1 Nf6 19. Qc2 Qc7 20. h3 Be7 21. Rde1 Nh5 22. g3 c5 23. d5 Bf6 24. Bxf6 Nxf6 25. dxe6 Rxe6 26. Rxe6 fxe6 27. Bg2 Rd6 28. Qg6 Bxf3 29. Bxf3 Qd7 30. Re3 Rd2 31. a4 Qf7 32. Qb1 Qd7 33. Qe1 Rd6 34. a5 Kf7 35. axb6 axb6 36. b4 Rd3 37. bxc5 bxc5 38. Kg2 Rxe3 39. Qxe3 Qd4 40. Qb3 e5 41. Bc6 e4 42. Kf1 Kg6 43. Qc2 Kf7 44. Ke2 h5 45. Bb7 Ke6 46. Qb3 Kf7 47. Kf1 Kg6 48. Kg2 Kf7 49. Qc2 Ke6 50. Bc8+ Kf7 51. Bb7 Ke6 52. Qc1 Kf7 53. Ba6 Qd6 54. Bb5 Kg6 55. Qe3 Kf7 56. Qg5 Qd4 57. Qf4 Kg6 58. Kh2 Kf7 59. Kg1 Qd1+ 60. Kg2 Qd4 61. Qf5 e3 62. fxe3 1/2-1/2

[Event "EU-ch 24th"]
[Site "Petrovac"]
[Date "2024.11.10"]
[Round "3"]
[White "Tadic, Stefan"]
[Black "Garsky, Vladyslav"]
[Result "1-0"]
[WhiteElo "2422"]
[BlackElo "2200"]
[PlyCount "77"]
[EventDate "2024.11.08"]
[EventType "swiss"]
[EventRounds "11"]
[EventCountry "MNE"]
[SourceTitle "CB47_2024"]
[SourceDate "2024.11.20"]
[SourceVersion "1"]
[SourceVersionDate "2024.11.20"]
[SourceQuality "1"]

1. e4 c6 2. d4 d5 3. e5 c5 4. Nf3 cxd4 5. Qxd4 Nc6 6. Qf4 e6 7. Bd3 Qc7 8. Nc3 a6 9. 0-0 Nge7 10. Re1 Ng6 11. Qg3 Nb4 12. a3 Nxd3 13. cxd3 Bc5 14. Bd2 Be7 15. Rac1 Qd8 16. Na4 Bd7 17. Nc5 0-0 18. Be3 b6 19. Nxd7 Qxd7 20. h4 h5 21. Ng5 Qb5 22. d4 Qxb2 23. f4 Qxa3 24. f5 exf5 25. Nxf7 Kxf7 26. e6+ Kg8 27. Qxg6 f4 28. Bf2 Qd6 29. Re5 Rf6 30. Qxh5 Rd8 31. Qg4 Rdf8 32. Rce1 Re8 33. h5 f3 34. gxf3 Qa3 35. R1e3 Qa1+ 36. Kg2 Ref8 37. Rg5 Rf4 38. Rxg7+ Kh8 39. Qg6 1-0

[Event "EU-ch 24th"]
[Site "Petrovac"]
[Date "2024.11.09"]
[Round "2"]
[White "Laurent Paoli, Pierre"]
[Black "Tadic, Stefan"]
[Result "1-0"]
[WhiteElo "2583"]
[BlackElo "2422"]
[PlyCount "81"]
[EventDate "2024.11.08"]
[EventType "swiss"]
[EventRounds "11"]
[EventCountry "MNE"]
[SourceTitle "CB47_2024"]
[SourceDate "2024.11.20"]
[SourceVersion "1"]
[SourceVersionDate "2024.11.20"]
[SourceQuality "1"]

1. d4 d5 2. c4 dxc4 3. e3 c5 4. Bxc4 e6 5. Nf3 Nf6 6. 0-0 Be7 7. b3 0-0 8. Bb2 Nbd7 9. Ne5 cxd4 10. Qxd4 Qa5 11. Be2 Qxe5 12. Qxe5 Nxe5 13. Bxe5 b6 14. Rc1 Nd5 15. e4 Bg5 16. Rd1 Bf6 17. Bxf6 Nxf6 18. Nc3 Bb7 19. f3 Rfd8 20. Nb5 Ba6 21. Kf2 Kf8 22. Nc7 Bxe2 23. Kxe2 Rxd1 24. Rxd1 Rc8 25. Rc1 Kg8 26. Rc6 Ne8 27. Nd5 Rxc6 28. Ne7+ Kf8 29. Nxc6 a5 30. Ne5 Nf6 31. Kd3 Ke7 32. Kc4 Nd7 33. Nxd7 Kxd7 34. Kb5 Kc7 35. e5 f6 36. f4 f5 37. a3 Kb7 38. b4 axb4 39. axb4 h6 40. h3 g6 41. h4 1-0

[Event "SRB-chT2 Vojvodina"]
[Site "Palic"]
[Date "2024.11.04"]
[Round "9.1"]
[White "Besedes, Danilo"]
[Black "Tadic, Stefan"]
[Result "1/2-1/2"]
[WhiteElo "2270"]
[BlackElo "2446"]
[PlyCount "37"]
[EventDate "2024.10.29"]
[EventType "team-tourn"]
[EventRounds "11"]
[EventCountry "SRB"]
[SourceTitle "CB45_2024"]
[Source "ChessBase"]
[SourceDate "2024.11.06"]
[SourceVersion "1"]
[SourceVersionDate "2024.11.06"]
[SourceQuality "1"]
[WhiteTeam "Zrenjanin Proleter"]
[BlackTeam "Nova Pazova Mladost"]
[WhiteTeamCountry "SRB"]
[BlackTeamCountry "SRB"]

1. d4 Nf6 2. Nf3 c5 3. e3 d5 4. c4 dxc4 5. Bxc4 e6 6. 0-0 Be7 7. Qe2 cxd4 8. exd4 a6 9. a4 0-0 10. Nc3 Nc6 11. Rd1 Nb4 12. Bg5 Bd7 13. d5 exd5 14. Bxd5 Nfxd5 15. Bxe7 Nxe7 16. Ne5 Nec6 17. Rxd7 Qe8 18. Nxc6 Qxe2 19. Ne7+ 1/2-1/2

[Event "EU-Cup 39th"]
[Site "Vrnjacka Banja"]
[Date "2024.10.23"]
[Round "4.5"]
[White "Floor, Dirk"]
[Black "Tadic, Stefan"]
[Result "0-1"]
[WhiteElo "2230"]
[BlackElo "2446"]
[PlyCount "106"]
[EventDate "2024.10.20"]
[EventType "team-swiss"]
[EventRounds "7"]
[EventCountry "SRB"]
[SourceTitle "CB44_2024"]
[Source "Chessbase"]
[SourceDate "2024.10.30"]
[SourceVersion "1"]
[SourceVersionDate "2024.10.30"]
[SourceQuality "1"]
[WhiteTeam "Paul Keres"]
[BlackTeam "Zmaj"]
[WhiteTeamCountry "NED"]
[BlackTeamCountry "SRB"]

1. e4 c5 2. Nf3 e6 3. d4 cxd4 4. Nxd4 Nf6 5. Nc3 Nc6 6. Ndb5 d6 7. Bf4 e5 8. Bg5 a6 9. Na3 Be6 10. Nc4 Rb8 11. Be2 Nd4 12. 0-0 Be7 13. Bxf6 Bxf6 14. Ne3 0-0 15. Ncd5 Bg5 16. c3 Nxe2+ 17. Qxe2 g6 18. Rad1 b5 19. b4 Rc8 20. Qd3 Bxe3 21. Qxe3 Rc4 22. f4 exf4 23. Nxf4 Qe7 24. e5 dxe5 25. Qxe5 Re8 26. Rfe1 Rcc8 27. Nxe6 Qxe6 28. Qxe6 Rxe6 29. Rxe6 fxe6 30. Rd2 Kf7 31. Kf2 e5 32. Rd6 Rxc3 33. Rxa6 h5 34. Ke2 Rc2+ 35. Kf3 e4+ 36. Kxe4 Rxg2 37. h3 Rb2 38. a3 Rb3 39. Ra7+ Kf6 40. h4 Rh3 41. Ra6+ Kg7 42. Kd5 Rxh4 43. Kc5 Rf4 44. Kxb5 h4 45. Rc6 h3 46. Rc7+ Kh6 47. a4 g5 48. Rc6+ Kh5 49. Rc8 Rh4 50. Rc1 h2 51. Rh1 g4 52. a5 g3 53. a6 Kg4 0-1

[Event "SRB-chT Premier"]
[Site "Bajina Basta"]
[Date "2024.10.03"]
[Round "7.4"]
[White "Perunovic, Miodrag"]
[Black "Tadic, Stefan"]
[Result "1/2-1/2"]
[WhiteElo "2347"]
[BlackElo "2440"]
[PlyCount "51"]
[EventDate "2024.09.27"]
[EventType "team-tourn"]
[EventRounds "11"]
[EventCountry "SRB"]
[SourceTitle "EXT 2025"]
[Source "ChessBase"]
[SourceDate "2024.10.14"]
[SourceVersion "1"]
[SourceVersionDate "2024.10.14"]
[SourceQuality "1"]
[WhiteTeam "Pozega"]
[BlackTeam "Elemir Naftagas"]
[WhiteTeamCountry "SRB"]
[BlackTeamCountry "SRB"]

1. d4 d5 2. c4 e6 3. Nc3 Nf6 4. cxd5 exd5 5. Bg5 c6 6. e3 h6 7. Bh4 Be7 8. Bd3 Ne4 9. Bxe7 Qxe7 10. Qc2 Nd6 11. Nf3 Nd7 12. 0-0-0 Nf6 13. Ne5 Ng4 14. Nf3 Nf6 15. h3 Nfe4 16. Ne5 Nxc3 17. Qxc3 Bf5 18. Bxf5 Nxf5 19. Nxc6 Qe6 20. e4 dxe4 21. d5 Qf6 22. Qxf6 gxf6 23. Nd4 Nd6 24. g4 h5 25. Rhe1 Kd7 26. f3 1/2-1/2

[Event "SRB-chT Premier"]
[Site "Bajina Basta"]
[Date "2024.10.01"]
[Round "5.4"]
[White "Tadic, Stefan"]
[Black "Omorjan, Dejan"]
[Result "1-0"]
[WhiteElo "2440"]
[BlackElo "2299"]
[PlyCount "100"]
[EventDate "2024.09.27"]
[EventType "team-tourn"]
[EventRounds "11"]
[EventCountry "SRB"]
[SourceTitle "EXT 2025"]
[Source "ChessBase"]
[SourceDate "2024.10.14"]
[SourceVersion "1"]
[SourceVersionDate "2024.10.14"]
[SourceQuality "1"]
[WhiteTeam "Elemir Naftagas"]
[BlackTeam "Novi Sad SK"]
[WhiteTeamCountry "SRB"]
[BlackTeamCountry "SRB"]

1. e4 c5 2. Nf3 d6 3. d4 cxd4 4. Nxd4 Nf6 5. Nc3 a6 6. h3 e5 7. Nb3 Be7 8. g4 h6 9. Be3 Qc7 10. a4 b6 11. Bg2 Nc6 12. Nd5 Nxd5 13. exd5 Nb8 14. 0-0 Nd7 15. f4 Rb8 16. fxe5 dxe5 17. Nd2 Bc5 18. Bxc5 Qxc5+ 19. Kh1 0-0 20. Ne4 Qe7 21. Qd2 Qh4 22. b4 h5 23. g5 b5 24. a5 f5 25. gxf6 Nxf6 26. Qe1 Qxe1 27. Raxe1 Nxd5 28. Rxf8+ Kxf8 29. c3 Nf4 30. Nc5 Ng6 31. Be4 Nf4 32. Bg2 Ng6 33. Kh2 Ke7 34. Bf3 Kf6 35. Rd1 Ke7 36. Rg1 Nh4 37. Bxh5 g6 38. Bg4 Bxg4 39. Rxg4 g5 40. Kg3 Rg8 41. Nxa6 Nf5+ 42. Kf2 Nh6 43. Rg1 Kd6 44. Nc5 Kd5 45. Ke2 Kc4 46. Ne4 g4 47. hxg4 Nxg4 48. a6 Ra8 49. Rxg4 Rxa6 50. Nc5+ Kd5 1-0

[Event "SRB-chT Premier"]
[Site "Bajina Basta"]
[Date "2024.09.29"]
[Round "3.4"]
[White "Tadic, Stefan"]
[Black "Nestorovic, Nikola"]
[Result "1/2-1/2"]
[WhiteElo "2440"]
[BlackElo "2458"]
[PlyCount "88"]
[EventDate "2024.09.27"]
[EventType "team-tourn"]
[EventRounds "11"]
[EventCountry "SRB"]
[SourceTitle "EXT 2025"]
[Source "ChessBase"]
[SourceDate "2024.10.14"]
[SourceVersion "1"]
[SourceVersionDate "2024.10.14"]
[SourceQuality "1"]
[WhiteTeam "Elemir Naftagas"]
[BlackTeam "Belgrade PTT"]
[WhiteTeamCountry "SRB"]
[BlackTeamCountry "SRB"]

1. e4 c5 2. Nf3 d6 3. d4 cxd4 4. Nxd4 Nf6 5. Nc3 Nc6 6. Bg5 g6 7. Bc4 Bg7 8. Nxc6 bxc6 9. 0-0 0-0 10. Re1 h6 11. Bh4 Nd7 12. Qd2 a5 13. Rad1 a4 14. b3 Ne5 15. Be2 axb3 16. axb3 g5 17. Bg3 Qa5 18. Na4 Qxd2 19. Rxd2 Be6 20. f3 Rfb8 21. Bf2 c5 22. g3 Nc6 23. f4 Nd4 24. Bd1 Ra5 25. e5 gxf4 26. gxf4 Bf5 27. Nc3 dxe5 28. Nd5 Kf8 29. fxe5 Rd8 30. Nxe7 Bxc2 31. Nc6 Nxc6 32. Rxc2 Ra1 33. Bh5 Rxe1+ 34. Bxe1 Nxe5 35. Rxc5 Nd3 36. Ba5 Nxc5 37. Bxd8 Nxb3 38. Kg2 Nd4 39. Bb6 Ne6 40. Bg4 Be5 41. Bxe6 fxe6 42. h3 Kf7 43. Kf3 Kg6 44. Ke4 Bf6 1/2-1/2

[Event "FRM-chT2"]
[Site "Struga"]
[Date "2024.07.11"]
[Round "7.2"]
[White "Manova, Ivana"]
[Black "Tadic, Stefan"]
[Result "0-1"]
[WhiteElo "1993"]
[BlackElo "2435"]
[PlyCount "112"]
[EventDate "2024.07.07"]
[EventType "team-tourn"]
[EventRounds "9"]
[EventCountry "MKD"]
[SourceTitle "EXT 2025"]
[Source "ChessBase"]
[SourceDate "2024.10.14"]
[SourceVersion "1"]
[SourceVersionDate "2024.10.14"]
[SourceQuality "1"]

1. e4 c5 2. Nf3 e6 3. c3 d5 4. exd5 exd5 5. d4 Nc6 6. Bb5 Bd6 7. dxc5 Bxc5 8. 0-0 Nge7 9. Nbd2 0-0 10. Nb3 Bb6 11. Nbd4 a6 12. Ba4 Qd6 13. Qd3 Ng6 14. Bc2 Bc7 15. Re1 Bg4 16. Nf5 Bxf5 17. Qxf5 Rae8 18. Bd2 Re6 19. Qh5 h6 20. Rxe6 Qxe6 21. Re1 Qd6 22. Qf5 Rd8 23. g3 Nce7 24. Qd3 Qf6 25. h4 Nc6 26. Qf5 Qxf5 27. Bxf5 Nge5 28. Nxe5 Bxe5 29. Kg2 d4 30. c4 Bf6 31. b3 a5 32. Be4 a4 33. Bxc6 bxc6 34. b4 a3 35. Kf3 d3 36. Re4 Bd4 37. g4 Kf8 38. b5 c5 39. g5 h5 40. Kg2 Ra8 41. Kf3 g6 42. Be3 Bc3 43. Bxc5+ Kg8 44. Bd4 d2 45. Ke2 Rd8 46. f3 f5 47. gxf6 Bxd4 48. Kxd2 Kf7 49. Kc2 Kxf6 50. Kb3 Bc5 51. Ka4 Rd2 52. Rf4+ Ke5 53. Re4+ Kd6 54. Rf4 Rxa2 55. Rf6+ Ke7 56. Rxg6 Rb2 0-1